<?xml version="1.0" encoding="UTF-8"?>
<record
    xmlns:xsi="http://www.w3.org/2001/XMLSchema-instance"
    xsi:schemaLocation="http://www.loc.gov/MARC21/slim http://www.loc.gov/standards/marcxml/schema/MARC21slim.xsd"
    xmlns="http://www.loc.gov/MARC21/slim">

  <leader>00568nam a22001937a 4500</leader>
  <controlfield tag="003">0</controlfield>
  <controlfield tag="005">20160609171733.0</controlfield>
  <controlfield tag="008">130612t        xxu||||| |||| 00| 0 eng d</controlfield>
  <datafield tag="020" ind1=" " ind2=" ">
    <subfield code="a">2915236240</subfield>
  </datafield>
  <datafield tag="040" ind1=" " ind2=" ">
    <subfield code="a">BUAC</subfield>
    <subfield code="b">Fre</subfield>
    <subfield code="c">BFSS</subfield>
  </datafield>
  <datafield tag="100" ind1=" " ind2=" ">
    <subfield code="a">Michael, Cain</subfield>
    <subfield code="9">24566</subfield>
  </datafield>
  <datafield tag="245" ind1=" " ind2=" ">
    <subfield code="a">D&#xE9;couvrir la biologie</subfield>
    <subfield code="c">/apr: Cain, Michael; Damman, Luc</subfield>
  </datafield>
  <datafield tag="260" ind1=" " ind2=" ">
    <subfield code="a">Bruxelles</subfield>
    <subfield code="b">de boeck</subfield>
    <subfield code="c">2006</subfield>
  </datafield>
  <datafield tag="300" ind1=" " ind2=" ">
    <subfield code="a">728p.</subfield>
    <subfield code="b">ill., couv. ill. en coul., fig.</subfield>
    <subfield code="c">28cm</subfield>
  </datafield>
  <datafield tag="504" ind1=" " ind2=" ">
    <subfield code="a">Trad. de: &lt;&lt;Discover biology&gt;&gt;</subfield>
  </datafield>
  <datafield tag="653" ind1=" " ind2=" ">
    <subfield code="a">Biologie</subfield>
  </datafield>
  <datafield tag="700" ind1=" " ind2=" ">
    <subfield code="a">Damman, Hans; Luc, Robert</subfield>
    <subfield code="9">24567</subfield>
  </datafield>
  <datafield tag="942" ind1=" " ind2=" ">
    <subfield code="c">LIVR</subfield>
  </datafield>
  <datafield tag="999" ind1=" " ind2=" ">
    <subfield code="c">51468</subfield>
    <subfield code="d">51468</subfield>
  </datafield>
  <datafield tag="952" ind1=" " ind2=" ">
    <subfield code="0">0</subfield>
    <subfield code="1">0</subfield>
    <subfield code="4">0</subfield>
    <subfield code="7">0</subfield>
    <subfield code="a">BFSS</subfield>
    <subfield code="b">BFSS</subfield>
    <subfield code="d">0000-00-00</subfield>
    <subfield code="e">Achat</subfield>
    <subfield code="l">0</subfield>
    <subfield code="o">QH 307 DEC</subfield>
    <subfield code="p">9933BFSS</subfield>
    <subfield code="r">2013-06-12 00:00:00</subfield>
    <subfield code="t">1</subfield>
    <subfield code="w">2013-06-12</subfield>
    <subfield code="y">LIVR</subfield>
  </datafield>
</record>
